Answers Contain "Moon" - Statistics

General Stats
  • This quiz has been taken 1,311 times
  • The average score is 8 of 20
Answer Stats
Hint Answer % Correct
Michael Jackson dance move Moonwalk
98%
Holiday taken by newlyweds Honeymoon
95%
Illegally made high-proof liquor Moonshine
81%
Term for the second full moon in a single calendar month Blue Moon
68%
Twilight episode New Moon
58%
This movie was the 2017 Oscars Best Picture, not La La Land Moonlight
49%
Frank Sinatra song Fly Me to the Moon
48%
Breakfast at Tiffany's theme song sung by Audrey Hepburn Moon River
48%
James Bond movie or a moonsail Moonraker
46%
Jim Carrey movie or R.E.M. song Man on the Moon
37%
First or last quarter lunar phase Half Moon
33%
1987 Cher-Cage rom-com Moonstruck
30%
Chinese pastry traditionally eaten during the Mid-Autumn Festival Mooncake
29%
The full moon that is seen nearest Harvest Moon
28%
Marvel superhero Moon Knight
24%
Founder of the "Moonies" Sun Myung Moon
18%
2012 Wes Anderson movie Moonrise Kingdom
12%
Georges Méliès 1902 movie A Trip to the Moon
11%
Movie about the journey of a man seeing if a girl is his daughter or not Paper Moon
6%
Current President of South Korea Moon Jae-in
5%
No matching quizzes found
Score Distribution
Percent of People with Each Score
Percentile by Number Answered
Your Score History
You have not taken this quiz